000 00242nam a2200097Ia 4500
008 240331s9999 xx 000 0 und d
082 _bBAL
100 _aBall, V
245 0 _aTribal and peasant life in the nineteenth centurary India
942 _cL
999 _c1955
_d1955